00240nam a2200097Ia 4500008004100000100001600041245003900057260003000096300000800126650000800134191201s2005 xx 000 0 und d aJAIN, Reena 0aAccounting and finance on computer aN. delhibAnand Pubc2005 a263 aMBA